Antígona / (Record no. 136614)

MARC details
000 -CABECERA
campo de control de longitud fija 01055nam a22003137a 4500
001 - NÚMERO DE CONTROL
campo de control 991041074969706706
003 - IDENTIFICADOR DEL NÚMERO DE CONTROL
campo de control ES-BaIT
005 - FECHA Y HORA DE LA ÚLTIMA TRANSACCIÓN
campo de control 20251002084821.0
008 - DATOS DE LONGITUD FIJA--INFORMACIÓN GENERAL
campo de control de longitud fija 120124s2010 spc 000 d spa c
020 ## - NÚMERO INTERNACIONAL ESTÁNDAR DEL LIBRO
Número Internacional Estándar del Libro 9788424903428
035 ## - NÚMERO DE CONTROL DEL SISTEMA
Número de control de sistema (ES-BaCBU).b5196806x
040 ## - FUENTE DE LA CATALOGACIÓN
Centro catalogador/agencia de origen ES-BaCBU
Lengua de catalogación cat
Centro/agencia transcriptor ES-BaCBU
080 ## - NÚMERO DE LA CLASIFICACIÓN DECIMAL UNIVERSAL
Número de la Clasificación Decimal Universal 875-2"-04"
080 ## - NÚMERO DE LA CLASIFICACIÓN DECIMAL UNIVERSAL
Número de la Clasificación Decimal Universal 821.14'02
100 0# - ENTRADA PRINCIPAL--NOMBRE DE PERSONA
Nombre de persona Sòfocles,
Fechas asociadas al nombre aproximadament 496 aC-406 aC
9 (RLIN) 66725
240 1# - TÍTULO UNIFORME
Título uniforme Antígona.
Lenguaje de la obra Castellà
9 (RLIN) 160905
245 10 - MENCIÓN DE TÍTULO
Título Antígona /
Mención de responsabilidad, etc. Sófocles ; presentación de María Rosa Lida ; traducción de Assela Alamillo
260 ## - PUBLICACIÓN, DISTRIBUCIÓN, ETC.
Lugar de publicación, distribución, etc. Madrid :
Nombre del editor, distribuidor, etc. Gredos,
Fecha de publicación, distribución, etc. 2010
300 ## - DESCRIPCIÓN FÍSICA
Extensión 126 p. ;
Dimensiones 22 cm
500 ## - NOTA GENERAL
Nota general P9: D3, H6 i altres
505 8# - NOTA DE CONTENIDO CON FORMATO
Nota de contenido con formato Inclou: apèndix de la vida i obra de Sòfocles
700 1# - ENTRADA AGREGADA--NOMBRE PERSONAL
Nombre de persona Lida de Malkiel, María Rosa
Término indicativo de función/relación prol.
9 (RLIN) 29329
700 1# - ENTRADA AGREGADA--NOMBRE PERSONAL
Nombre de persona Alamillo, Assela
Término indicativo de función/relación trad.
9 (RLIN) 160703
830 ## - PUNTO DE ACCESO ADICIONAL DE SERIE-TÍTULO UNIFORME
Título uniforme Biblioteca básica Gredos
9 (RLIN) 105869
907 ## - ELEMENTOS DE DATOS G LOCAL, LDG (RLIN)
a .b5196806x
b 11-12-19
c 24-01-12
d 24-01-12
e m
f a
g -
h spa
i sp
j 0
k 0
908 ## - COLOCAR PARÁMETRO DE COMANDO (RLIN)
Colocar parámetro de comando UPF
-- URL
-- CDMAE
940 ## - EQUIVALENCIA O REFERENCIA-CRUZADA--TÍTULO UNIFORME [OBSOLETO] [solamente CAN/MARC]
Título uniforme <a href="CVA2">CVA2</a>
942 ## - ELEMENTOS DE ENTRADA AGREGADA (KOHA)
Fuente del sistema de clasificación o colocación Clasificación decimal universal
Tipo de ítem Koha Llibre
Holdings
Estado de retiro Estado de pérdida Fuente del sistema de clasificación o colocación Estado dañado No para préstamo Localización permanente Ubicación/localización actual Ubicación en estantería Fecha de adquisición Fuente de adquisición Total de préstamos Signatura topográfica completa Código de barras Fecha visto por última vez Precio válido a partir de Tipo de ítem Koha
    Clasificación decimal universal     Biblioteca Barcelona Biblioteca Barcelona BCN Lliure Accés 02/10/2025 Donatiu   875 SOF ant 1900089272 02/10/2025 02/10/2025 Llibre

Powered by Koha